000 00757nam a22002177a 4500
999 _c10957
_d10957
003 AR-CdUCM
008 190402b ||||| |||| 00| 0 spa d
040 _aMUNICIPALIDAD PROVINCIAL DEL CUSCO
_cBIBLIOTECA MUNICIPAL DEL CUSCO
082 _aES / 590.97 /
_bJ72
100 _aJonch Cuspinera, Antonio
_928040
245 _aAnimales de américa /
260 _aBarcelona :
_bOikos-Tau,
_c1970.
300 _a31 páginas ;
_bIlustraciones,
_c31 cm.
505 _aContenido: Oso blanco -- Caribú -- Buey almizclado -- Liebre ártica -- Leming americano...
650 _aZoología
_918986
650 _aAmérica del sur
_9742
650 _aFauna americana
_928041
700 _aIshida, Takeo (ilustraciones)
_928042
942 _2ddc
_cLIBROS
945 _adavv